Globalización y estrategias de grupos empresariales agroalimentarios de México /

Gespeichert in:
Bibliographische Detailangaben
1. Verfasser: Chauvet, Michelle
Weitere Verfasser: González, Rosa Luz
Format: Text
Schlagworte:
Tags: Tag hinzufügen
Keine Tags, Fügen Sie den ersten Tag hinzu!

MARC

LEADER 00000 a a2200000 04500
001 3527
003
040
100 |a Chauvet, Michelle  
245 |a Globalización y estrategias de grupos empresariales agroalimentarios de México /  |c Michelle Chauvet 
650 |a AGROINDUSTRIA  
650 |a EMPRESARIOS  
650 |a GLOBALIZACION  
700 |a González, Rosa Luz  
773 |g volumen 52, número 12; páginas 1079-1088  
999 |c 26835  |d 26835